All Prefectures of Guinea with a Map - Statistics

General Stats
  • This quiz has been taken 52 times
  • The average score is 17 of 34
Answers on the Map
Answers color-coded by a green-red scale on the quiz's map according to % correct below.
 
Answer Stats
Region Prefecture % Correct
Special Zone Conakry
94%
Boké Boké
58%
Labé Labé
58%
Kankan Kankan
56%
Kindia Kindia
56%
Mamou Mamou
56%
Nzérékoré Beyla
53%
Nzérékoré Nzérékoré
53%
Mamou Pita
53%
Mamou Dalaba
50%
Faranah Kissidougou
50%
Nzérékoré Macenta
50%
Labé Mali
50%
Kankan Siguiri
50%
Kindia Coyah
47%
Faranah Dabola
47%
Faranah Dinguiraye
47%
Kindia Dubréka
47%
Faranah Faranah
47%
Kindia Forécariah
47%
Boké Gaoual
47%
Nzérékoré Guéckédou
47%
Kankan Kérouané
47%
Kankan Kouroussa
47%
Labé Lélouma
47%
Nzérékoré Lola
47%
Kindia Télimélé
47%
Nzérékoré Yomou
47%
Boké Fria
44%
Labé Koubia
44%
Boké Koundara
44%
Kankan Mandiana
44%
Labé Tougué
44%
Boké Boffa
42%
No matching quizzes found
Score Distribution
Percent of People with Each Score
Percentile by Number Answered
Your Score History
You have not taken this quiz